000 00381nam a2200121Ia 4500
008 160609s9999 xx 000 0 und d
100 _aLevrini, Abigail.
245 _aAdhd Coaching: A Guide For Mental Health Professionals
245 _cBy:Abigail Levrini, Frances Prevatt
260 _c2015
650 _xADHD
856 _uhttp://file.ebook777.com/003/AdhCoaAGuiForMenHeaPro.pdf
999 _c295828
_d295828